|
|
|
|
| LEADER |
00000cam a2200000 a 4500 |
| 001 |
vtls011717621 |
| 003 |
SK-MaSNL |
| 005 |
20260301182427.0 |
| 008 |
240318s2017 xo g n 000 0dcze |
| 015 |
|
|
|a SNBA2017/11
|
| 020 |
|
|
|a 9788089876457
|q (brož.)
|
| 035 |
|
|
|a urn:nbn:sk:snk-am00djx0
|
| 035 |
|
|
|a urn:nbn:sk:snk-am3i4ms
|
| 035 |
|
|
|a EB351A3F-5CB5-4715-85E8-5002AC46654D
|
| 040 |
|
|
|a SNK
|b slo
|c SNK
|e AACR2
|
| 041 |
1 |
|
|a cze
|h pol
|
| 043 |
|
|
|a a-ja---
|
| 044 |
|
|
|a xo
|c SK
|
| 072 |
|
7 |
|a 551
|x Geológia. Meteorológia. Klimatológia
|2 konspekt
|
| 080 |
|
|
|a 621.039.586
|2 2011
|
| 080 |
|
|
|a 551.466.6
|2 2011
|
| 080 |
|
|
|a 550.34
|2 2011
|
| 080 |
|
|
|a 504.4
|2 2011
|
| 080 |
|
|
|a 308
|2 2011
|
| 080 |
|
|
|a (520)
|2 2011
|
| 080 |
|
|
|a (0:82-4)
|2 2011
|
| 080 |
|
|
|a (0:82-32)
|2 2011
|
| 100 |
1 |
|
|a Boni, Katarzyna,
|d 1982-
|4 aut
|9 168933
|
| 240 |
1 |
0 |
|a Ganbare! Warsztaty umierania
|l Česky
|
| 245 |
1 |
0 |
|a Ganbare! Workshopy smrti
|c Katarzyna Boni ; přeložil Michael Alexa
|
| 246 |
3 |
0 |
|a Workshopy smrti
|
| 260 |
|
|
|a Žilina
|b Absynt
|c 2017
|
| 300 |
|
|
|a 290 s.
|c 19 cm
|
| 490 |
1 |
|
|a Prokletí reportéři
|
| 500 |
|
|
|a Biografické údaje
|
| 500 |
|
|
|a Pravdepodobne preložené z poľštiny
|
| 504 |
|
|
|a Bibliografia na strane 283-290 ; poznámky
|
| 648 |
|
7 |
|a 21. stor.
|2 SNKPH
|9 304714
|
| 648 |
|
7 |
|a 21st century
|2 SNKPHeng
|9 303236
|
| 650 |
0 |
7 |
|a jadrové havárie
|2 SNKPH
|9 121875
|
| 650 |
0 |
7 |
|a tsunami
|2 SNKPH
|9 70083
|
| 650 |
0 |
7 |
|a zemetrasenie
|2 SNKPH
|9 3969
|
| 650 |
0 |
7 |
|a prírodné katastrofy
|2 SNKPH
|9 3933
|
| 650 |
0 |
7 |
|a Nuclear accidents
|2 SNKPHeng
|9 344339
|
| 650 |
0 |
7 |
|a Tsunamis
|2 SNKPHeng
|9 480122
|
| 650 |
0 |
7 |
|a Earthquake
|2 SNKPHeng
|9 346978
|
| 650 |
0 |
7 |
|a Natural disasters
|2 SNKPHeng
|9 297092
|
| 650 |
0 |
7 |
|a Social conditions
|2 SNKPHeng
|9 265818
|
| 651 |
|
7 |
|a Japonsko
|2 SNKPHgeo
|9 16392
|
| 651 |
|
7 |
|a Japan
|2 SNKPHeng
|9 309880
|
| 655 |
|
7 |
|a reportáže
|2 SNKPH
|9 28856
|
| 655 |
|
7 |
|a Reportage
|2 SNKPHeng
|9 281562
|
| 655 |
|
7 |
|a príbehy
|2 SNKPH
|9 70507
|
| 655 |
|
7 |
|a Stories
|2 SNKPHeng
|9 265785
|
| 700 |
1 |
|
|a Alexa, Michael,
|d 1989-
|4 trl
|9 168934
|
| 830 |
|
0 |
|a Prokletí reportéři
|9 309825
|
| 852 |
|
|
|a Štátna vedecká knižnica v Banskej Bystrici
|
| 919 |
|
|
|a 978-80-89876-45-7
|
| 958 |
|
|
|a NB
|
| 958 |
|
|
|a OP
|
| 958 |
|
|
|a JP
|
| 968 |
|
|
|a Čes
|b POL
|
| 999 |
|
|
|c 853643
|d 855573
|
| 952 |
|
|
|a SNK
|b SNK
|y PREZ
|7 0
|p 17A1303945
|o snkSD 86703
|i snk2017/24088
|8 0
|0 0
|1 0
|4 0
|d 2017-11-02
|f 1
|l 0
|r 2026-02-24 04:48:55
|w 2026-02-24
|
| 952 |
|
|
|a SNK
|b SNK
|y VYP
|7 0
|p 17A1303946
|o snkSD 86703 D1
|i snk2017/24089
|8 0
|0 0
|1 0
|4 0
|d 2017-11-02
|l 0
|r 2026-02-24 04:48:55
|w 2026-02-24
|